<Der> neue Teisman <Das> Grundwissen des Kaufmanns
Enregistré dans:
| Autres auteurs: | |
|---|---|
| Format: | Livre |
| Langue: | allemand |
| Publié: |
Berlin
Cornelsen Girardet
1992
|
| Édition: | 41. überarb. Aufl. |
| Sujets: | |
| Tags: |
Pas de tags, Soyez le premier à ajouter un tag!
|
MARC
| LEADER | 00000nam a2200000 4500 | ||
|---|---|---|---|
| 001 | c012058 | ||
| 005 | 20221206083416.1 | ||
| 020 | |a 3-464-49000-9 | ||
| 041 | 0 | |a ger | |
| 044 | |a DE | ||
| 245 | 1 | 0 | |a <Der> neue Teisman |b <Das> Grundwissen des Kaufmanns |c Edit. Ferdinand Ziegler |
| 250 | |a 41. überarb. Aufl. | ||
| 264 | 1 | |a Berlin |b Cornelsen Girardet |c 1992 | |
| 300 | |a 1022 s. | ||
| 610 | 2 | 0 | |a hospodárstvo podnikové |
| 610 | 2 | 0 | |a hospodárstvo národné |
| 610 | 2 | 0 | |a obchod |
| 610 | 2 | 0 | |a právo |
| 610 | 2 | 0 | |a účtovníctvo |
| 610 | 2 | 0 | |a bilancie |
| 610 | 2 | 0 | |a poistenie sociálne |
| 610 | 2 | 0 | |a štatistika |
| 610 | 2 | 0 | |a organizácia podniku |
| 610 | 2 | 0 | |a spracovanie dát automatické |
| 610 | 2 | 0 | |a peniaze |
| 610 | 2 | 0 | |a banky |
| 610 | 2 | 0 | |a burzy |
| 610 | 2 | 0 | |a dane |
| 610 | 2 | 0 | |a telekomunikácie |
| 610 | 2 | 0 | |a Nemecko |
| 700 | 1 | |a Ziegler, Ferdinand | |